000 00593nam a22002297a 4500
003 UA-OsUOA
001 91505
007 ta
008 20121129b un ||||| |||| 00| 0 ukr d
100 _aСосюра В.
090 _a821.161.2
_bС66
942 _cBK
040 _aUA-OsUOA
_bukr
_cUA-OsUOA
_dUA-OsUOA
245 _aВибране
_bлірика та поеми
300 _a308 с.
955 _a3
041 _aukr
080 _a821.161.2
260 _aК.
_bДніпро
_c1972
650 7 _a82 Література. Літературознавство
_2UDC
999 _c377769
_d377769